Music Quiz

Random Music or Artist Quiz

Artists with Most Weeks at #1 (2000s) Quiz Stats

 Plays Quiz Updated Feb 20, 2020

Support Sporcle.
Go Orange.
Score 0/20 Timer 05:00
0 Plays Today
Weeks at #1
excludes 'featuring'
Artist % Correct
36 WeeksBeyoncé
73.4%
13 WeeksRihanna
59.9%
13 WeeksEminem
55.7%
11 WeeksJustin Timberlake
49.4%
41 WeeksUsher
45.4%
19 WeeksMariah Carey
45.4%
11 WeeksKanye West
41.1%
13 WeeksT.I.
40.4%
11 WeeksChristina Aguilera
38.7%
26 WeeksThe Black Eyed Peas
37.3%
Weeks at #1
excludes 'featuring'
Artist % Correct
10 WeeksJanet Jackson
37%
22 Weeks50 Cent
31.2%
16 WeeksDestiny's Child
30%
23 WeeksNelly
26.8%
15 WeeksJennifer Lopez
18.2%
11 WeeksAlicia Keys
18%
11 WeeksOutKast
14.7%
16 WeeksFlo Rida
12.9%
12 Weeks*Santana
10.3%
10 WeeksAshanti
8.5%

From the Vault

Movie Titles Said in Movie IV

by ddd62291

Movies 8m
It's kind of a freebie when the movie is named after the main character.
Remove Ads.
Support Sporcle.
Get the best of Sporcle when you Go Orange. This ad-free experience offers more features, more stats, and more fun while also helping to support Sporcle. Thank you for becoming a member.

Show Comments

Extras

Top Quizzes Today


Score Distribution

Your Account Isn't Verified!

In order to create a playlist on Sporcle, you need to verify the email address you used during registration. Go to your Sporcle Settings to finish the process.

Report this User

Report this user for behavior that violates our Community Guidelines.

Details: